[Event "Lyon op"]
[Site "Lyon"]
[Date "2005.04.16"]
[Round "1"]
[White "Giordano, Christian"]
[Black "Siino, Christian"]
[Result "0-1"]
[WhiteElo "1320"]
[BlackElo "1870"]
[PlyCount "48"]
[EventDate "2005.04.16"]
[EventType "swiss"]
[EventRounds "9"]
[EventCountry "FRA"]
[SourceTitle "CBM 105 Extra"]
[Source "ChessBase"]
[SourceDate "2005.05.01"]
[SourceVersion "1"]
[SourceVersionDate "2005.05.01"]
[SourceQuality "1"]

1. d4 d5 2. c4 c6 3. Nc3 Nf6 4. cxd5 cxd5 5. Bg5 e6 6. e3 Nc6 7. Bd3 Bd7 8. Nge2 Bd6 9. f3 Rc8 10. 0-0 a6 11. a4 Qc7 12. Bf4 0-0 13. Bxd6 Qxd6 14. Re1 Rfe8 15. Rb1 Nb4 16. Ng3 g6 17. e4 Qb6 18. Bf1 e5 19. Nxd5 Nfxd5 20. exd5 Nc2 21. Re2 Nxd4 22. Rf2 Rc2 23. Rxc2 Nxf3+ 24. Kh1 Qg1# 0-1

[Event "Lyon LOE op"]
[Site "Lyon"]
[Date "2002.05.11"]
[Round "7"]
[White "Benitah, Yohan"]
[Black "Siino, Christian"]
[Result "1-0"]
[WhiteElo "2325"]
[BlackElo "2000"]
[PlyCount "79"]
[EventDate "2002.05.??"]
[EventType "swiss"]
[EventRounds "9"]
[EventCountry "FRA"]
[SourceTitle "EXT 2004"]
[Source "ChessBase"]
[SourceDate "2003.11.25"]
[SourceVersion "1"]
[SourceVersionDate "2003.11.25"]
[SourceQuality "1"]

1. d4 Nf6 2. c4 c5 3. d5 b5 4. cxb5 d6 5. Nc3 g6 6. e4 Bg7 7. Be2 0-0 8. Nf3 a6 9. b6 Nbd7 10. 0-0 Qxb6 11. Nd2 Bb7 12. a4 Rfb8 13. a5 Qd8 14. Nc4 Bc8 15. Bd3 Ne8 16. f4 Nc7 17. Be3 Nb5 18. Ne2 Bb7 19. Bc2 Qc7 20. Ba4 Rf8 21. Ng3 Rab8 22. Kh1 Bc8 23. Qd3 Nd4 24. Bd2 Nf6 25. Nb6 Nb5 26. h3 Nd7 27. Nc4 Nd4 28. Bc3 Nf6 29. Ne2 Nxe2 30. Qxe2 Nh5 31. Qd3 Bd7 32. Bxd7 Qxd7 33. Rf3 Bxc3 34. bxc3 Rb5 35. e5 Rd8 36. Rd1 Qc7 37. exd6 exd6 38. f5 Rf8 39. f6 Qd8 40. Rdf1 1-0